000 00673nam a2200277Ia 4500
005 20260324121822.0
008 008 260324s9999 xx 000 0 eng d
020 _a9781315567020
037 _aEBOOK
040 _aCRL
040 _beng
040 _cCRL
041 _2eng
041 _aeng
084 _qCRL
100 _aAbigail Wood
_91163998
245 4 _aAnd We're All Brothers: Singing in Yiddish in Contemporary North America
260 _bTaylor and Francis
260 _c2013
365 _a
365 _b240
856 _uhttp://www.taylorfrancis.com/books/9781315567020
942 _cEBOOK
999 _c1756325
_d1756325